000 00298nam a2200133Ia 4500
008 240624s9999 xx 000 0 und d
041 _aeng
082 _a823 ORW
100 _aORWELL GEORGE
245 _a1984
260 _c2013
_aNew Delhi
_bScholastic
300 _a312 p.; 22 cm.
365 _cRS
999 _c29455
_d29455